Estadísticas para Las ciudades más grandes en Francia • A-Z

Haz click aquí para intentar la prueba.

Estadísticas generales

  • Esta prueba ha sido intentada 135 veces
  • La puntuación promedio es 9 de 20

Estadísticas de respuestas

#~Pob.Ciudad francesa% Correcto
P2,220,000Paris
99%
M858,000Marsella
96%
L507,000Lyon
95%
T466,000Toulouse
86%
B247,000Burdeos
83%
N344,000Niza
74%
E276,000Estrasburgo
66%
R213,000Rennes
60%
D154,000Dijon
50%
O115,000Orléans
45%
G161,000Grenoble
40%
A151,000Angers
28%
S170 049Saint-Étienne
26%
Q57,000Quimper
20%
C141,000Clermont-Ferrand
15%
V149,000Villeurbanne
8%
H57,000Hyères
4%
I67,000Issy-les-Moulineaux
2%
W41,000Wattrelos
2%
F84,000Fort-de-France
1%

Distribución de puntuación

Porcentaje por número respondido

Porcentaje de gente con cada puntuación

Historial de tus puntuaciones

No has intentado esta prueba.